Seagrasses : biology, ecology, and conservation

Αποθηκεύτηκε σε:
Λεπτομέρειες βιβλιογραφικής εγγραφής
Άλλοι συγγραφείς: Larkum, A. W. D. (Επιμελητής έκδοσης), Orth, Robert J. (Robert Joseph) 1947-, Duarte, Carlos M. (Επιμελητής έκδοσης)
Μορφή: Βιβλίο
Γλώσσα:English
Δημοσίευση: Dordrecht, The Netherlands : Springer, c2006
Θέματα:
Ετικέτες: Προσθήκη ετικέτας
Δεν υπάρχουν, Καταχωρήστε ετικέτα πρώτοι!

MARC

LEADER 00000nam a2200000 i 4500
001 1/95275
008 081013s2006 eng d
020 |a 978-1-4020-2942-4 (hbk.) 
020 |a 1-4020-2942-X (hbk.) 
035 |l 10100817 
040 |a GR-MY-UA  |b gre  |e aacr 
041 0 |a eng 
082 0 |a 579.81782  |2 (22) 
245 1 0 |a Seagrasses :  |b biology, ecology, and conservation /  |c edited by Anthony W.D. Larkum, Robert J. Orth, and Carlos M. Duarte 
260 |a Dordrecht, The Netherlands :   |b Springer,   |c c2006 
300 |a xvi, 691 σ.;  |b εικ.;  |c 27 εκ. 
504 |a Περιέχει βιβλιογραφικές παραπομπές και ευρετήριο 
650 0 0 |a Seagrasses. 
700 1 |a Larkum, A. W. D.  |4 edt 
700 1 |a Orth, Robert J.  |q (Robert Joseph)  |d 1947- 
700 1 |a Duarte, Carlos M.  |4 edt 
852 |a INST  |b LESVOS  |e 20081013  |h 579.81782 SEA  |p 005100043253  |q 005100043253  |t BK  |y 0 
901 |a BIBL1-2008-3 
909 |a Λ  |b 145096 
922 |a 1ΕΛΗ  |b 200801  |c ΕΠΕΑΕΚ2/ΤΕΘ  |d ΕΛΕΥΘΕΡΟΥΔΑΚΗΣ 
970 |a ΚΑΡΑ  |b ΓΙΑΣΕΜΗ  |z 2008/10/13